Intermediate ctammar usage and composition (Record no. 4955)
[ view plain ]
| 000 -LEADER | |
|---|---|
| fixed length control field | 00511nam a2200181Ia 4500 |
| 003 - CONTROL NUMBER IDENTIFIER | |
| control field | SGT |
| 020 ## - INTERNATIONAL STANDARD BOOK NUMBER | |
| International Standard Book Number | 9788125010333 |
| 082 ## - DEWEY DECIMAL CLASSIFICATION NUMBER | |
| Classification number | 428.2 |
| Item number | TIC |
| 100 ## - MAIN ENTRY--PERSONAL NAME | |
| Personal name | Tickoo,M.L. |
| 245 ## - TITLE STATEMENT | |
| Title | Intermediate ctammar usage and composition |
| 260 ## - PUBLICATION, DISTRIBUTION, ETC. (IMPRINT) | |
| Name of publisher, distributor, etc | Orient Blackswan Private Limted |
| Place of publication, distribution, etc | Hyderabad |
| Year of Publication | 2009 |
| 300 ## - PAGE DESCRIPTION | |
| No. of Pages | 331p. |
| 650 ## - SUBJECT ADDED ENTRY--TOPICAL TERM | |
| Topical term or geographic name as entry element | ENGLISH |
| 653 ## - KEYWORDS--INDEX TERM | |
| Keyword term | THE SENTENCE,PARTS OF SPEECH:IDENTIFICATION,ARTICLES,PRONOUNS,ADJECTIVES,THE VERB |
| 700 ## - ADDED ENTRY--PERSONAL NAME | |
| Personal name | Subramaniam,P.R |
| 700 ## - ADDED ENTRY--PERSONAL NAME | |
| Personal name | Subramanian,A.E |
| 942 ## - ADDED ENTRY ELEMENTS (KOHA) | |
| Source of classification or shelving scheme | Dewey Decimal Classification |
| Koha item type | Books |
| Withdrawn status | Lost status | Source of classification or shelving scheme | Damaged status | Not for loan | Home library | Current library | Date acquired | SGTU | Total Checkouts | Full call number | Accession No. (Barcode) | Date last seen | Bill Date | Koha item type | Date last borrowed | Total Renewals |
|---|---|---|---|---|---|---|---|---|---|---|---|---|---|---|---|---|
| Dewey Decimal Classification | SGT Engineering Library | SGT Engineering Library | 28/04/2010 | SGTU | 428.2 TIC | FE1940 | 08/06/2017 | 09/02/2015 | Books | |||||||
| Dewey Decimal Classification | SGT Engineering Library | SGT Engineering Library | 28/04/2010 | SGTU | 428.2 TIC | FE1941 | 13/03/2018 | 09/02/2015 | Books | |||||||
| Dewey Decimal Classification | SGT Engineering Library | SGT Engineering Library | 28/04/2010 | SGTU | 428.2 TIC | FE1942 | 09/02/2015 | 09/02/2015 | Books | |||||||
| Dewey Decimal Classification | SGT Engineering Library | SGT Engineering Library | 28/04/2010 | SGTU | 4 | 428.2 TIC | FE1943 | 04/07/2025 | 09/02/2015 | Books | 20/06/2025 | |||||
| Dewey Decimal Classification | SGT Engineering Library | SGT Engineering Library | 28/04/2010 | SGTU | 428.2 TIC | FE1944 | 09/02/2015 | 09/02/2015 | Books | |||||||
| Dewey Decimal Classification | SGT Engineering Library | SGT Engineering Library | 28/04/2010 | SGTU | 3 | 428.2 TIC | FE1945 | 07/01/2019 | 09/02/2015 | Books | 10/12/2018 | 2 |